[Event "20th EUR-ch"]
[Site "Skopje MKD"]
[Date "2019.03.22"]
[Round "5"]
[White "Martinov, Levko"]
[Black "Bajrami, Zejno"]
[Result "1-0"]
[WhiteElo "2225"]
[BlackElo "1938"]
[EventDate "2019.03.18"]
[Board "175"]
[PlyCount "131"]

1.Nf3 Nc6 2.d4 d5 3.g3 Nf6 4.Bg2 Bf5 5.Nh4 Bg4 6.h3 Bh5 7.g4 Bg6 8.Nxg6 
hxg6 9.Nc3 e6 10.a3 Na5 11.b3 c6 12.Bf4 b5 13.O-O Bd6 14.Qd2 Nb7 15.e4 
dxe4 16.Nxe4 Nxe4 17.Bxe4 Qc7 18.Bxd6 Qxd6 19.Bg2 a5 20.c4 bxc4 21.bxc4 
O-O 22.Qc3 Rad8 23.Rfd1 f5 24.Rab1 Rd7 25.Rb6 Nd8 26.Bf3 Qf4 27.Qe3 fxg4 
28.Bxg4 Rdf7 29.Qxf4 Rxf4 30.f3 Kf7 31.Ra6 Kf6 32.Rxa5 Nf7 33.Ra6 Rc8 34.
c5 Ng5 35.Kg2 Nf7 36.Kg3 g5 37.d5 Nd8 38.dxe6 Rb8 39.a4 Rc4 40.Ra7 Nxe6 
41.Rd6 Re8 42.Rxc6 Ke5 43.Rxe6+ Rxe6 44.Bxe6 Kxe6 45.Ra6+ Kd5 46.c6 Kd6 
47.a5 Rc1 48.Ra7 Rg1+ 49.Kf2 Rh1 50.Kg2 Ra1 51.Rxg7 Rxa5 52.c7 Rc5 53.Kg3 
Ke6 54.Kg4 Kf6 55.Rd7 Rc4+ 56.Kg3 Rc2 57.Rd6+ Kf7 58.Kg4 Rxc7 59.Kxg5 Rc5+
60.Kg4 Rc1 61.Kf5 Rh1 62.Rh6 Rg1 63.Rh5 Ra1 64.h4 Ra3 65.f4 Ra4 66.Rg5 1-0

[Event "20th EUR-ch"]
[Site "Skopje MKD"]
[Date "2019.03.22"]
[Round "5"]
[White "Konstantinov, Aleksandar"]
[Black "Markovski, Velo"]
[Result "0-1"]
[WhiteElo "2079"]
[BlackElo "1935"]
[EventDate "2019.03.18"]
[Board "176"]
[PlyCount "68"]

1.d4 e6 2.c4 b6 3.e4 Bb7 4.Bd3 Bb4+ 5.Kf1 h5 6.c5 bxc5 7.Qb3 a5 8.dxc5 Ba6
9.Be3 Bxd3+ 10.Qxd3 Na6 11.a3 Bxc5 12.Bxc5 Nxc5 13.Qd4 Nb3 14.Qxg7 Qf6 15.
Qxf6 Nxf6 16.Ra2 Nxe4 17.Nf3 a4 18.Ke2 Rg8 19.g3 d5 20.Nbd2 Nec5 21.Nxb3 
Nxb3 22.Nd2 Rb8 23.Nxb3 Rxb3 24.Rc1 Kd7 25.Rc2 Rgb8 26.Kf1 Kd6 27.Kg2 c5 
28.Kh3 d4 29.Kh4 Kd5 30.Kxh5 f5 31.f4 Ke4 32.Rxc5 Rxb2 33.Rxb2 Rxb2 34.Rc4
Ke3 0-1

[Event "20th EUR-ch"]
[Site "Skopje MKD"]
[Date "2019.03.22"]
[Round "5"]
[White "Trisha, Kanyamarala"]
[Black "Petrovic, Lazar"]
[Result "1-0"]
[WhiteElo "2061"]
[BlackElo "1690"]
[EventDate "2019.03.18"]
[Board "177"]
[PlyCount "63"]

1.d4 d5 2.c4 e6 3.Nf3 Nf6 4.Nc3 Be7 5.Bg5 O-O 6.e3 b6 7.Bd3 Bb7 8.O-O Nbd7
9.cxd5 Nxd5 10.Nxd5 Bxd5 11.Bxe7 Qxe7 12.Qc2 f5 13.e4 fxe4 14.Bxe4 Bxe4 
15.Qxe4 Nf6 16.Qe5 Nd5 17.Rfe1 Rae8 18.Rac1 Rf5 19.Qe4 Rf4 20.Qe2 Rg4 21.
g3 Qf6 22.Rc6 Nf4 23.Qf1 Nd5 24.h3 Qxf3 25.hxg4 Qxg4 26.Qe2 Qxd4 27.Rxe6 
Rf8 28.Re8 Qf6 29.Rxf8+ Qxf8 30.Qe6+ Qf7 31.Qc8+ Qf8 32.Re8 1-0

[Event "20th EUR-ch"]
[Site "Skopje MKD"]
[Date "2019.03.22"]
[Round "5"]
[White "Tadic, Katarina"]
[Black "Dwilewicz, Katarzyna"]
[Result "0-1"]
[WhiteElo "2031"]
[BlackElo "2040"]
[EventDate "2019.03.18"]
[Board "178"]
[PlyCount "98"]

1.Nf3 c5 2.c4 Nc6 3.g3 e5 4.Nc3 g6 5.Bg2 Bg7 6.d3 Nge7 7.O-O O-O 8.Ne1 d6 
9.Nc2 Be6 10.Ne3 Qd7 11.Ned5 f5 12.f4 Rab8 13.Rb1 Kh8 14.Bd2 a6 15.Nxe7 
Nxe7 16.b4 b5 17.Nd5 bxc4 18.dxc4 e4 19.Bc3 Bxc3 20.Nxc3 Rxb4 21.Rxb4 cxb4
22.Qd4+ Kg8 23.Nd5 Bxd5 24.cxd5 Qb5 25.Rc1 Nxd5 26.e3 Nc3 27.Bf1 Qc5 28.
Bc4+ Rf7 29.Bxf7+ Kxf7 30.Qxc5 dxc5 31.Rc2 Ke6 32.Rd2 a5 33.Kf2 a4 34.Rc2 
c4 35.Rxc3 bxc3 36.Ke2 a3 37.Kd1 Kd5 38.Kc2 Kc5 39.Kc1 c2 40.Kxc2 Kb4 41.
Kd2 c3+ 42.Kd1 Kc4 43.Kc2 h6 44.h3 g5 45.fxg5 hxg5 46.h4 gxh4 47.gxh4 f4 
48.h5 f3 49.h6 f2 0-1

[Event "20th EUR-ch"]
[Site "Skopje MKD"]
[Date "2019.03.22"]
[Round "5"]
[White "Gerguri, Arsim"]
[Black "Birkholz, Olga"]
[Result "1/2-1/2"]
[WhiteElo "1956"]
[BlackElo "2037"]
[EventDate "2019.03.18"]
[Board "179"]
[PlyCount "40"]

1.e4 g6 2.d4 Bg7 3.Nc3 c6 4.f4 d6 5.Nf3 Nf6 6.Bd3 Na6 7.a3 Qb6 8.e5 dxe5 
9.fxe5 Nd5 10.Nxd5 cxd5 11.c3 Bd7 12.O-O Nc7 13.a4 a5 14.Qe2 O-O 15.Bg5 f6
16.exf6 exf6 17.Be3 Kh8 18.Qd2 Ne6 19.Nh4 Be8 20.Rf2 Rc8 1/2-1/2

[Event "20th EUR-ch"]
[Site "Skopje MKD"]
[Date "2019.03.24"]
[Round "6"]
[White "Rodshtein, Maxim"]
[Black "Alexeenko, Kirill"]
[Result "1-0"]
[WhiteElo "2673"]
[BlackElo "2644"]
[EventDate "2019.03.18"]
[Board "1"]
[PlyCount "87"]

1.d4 Nf6 2.c4 g6 3.g3 c6 4.Bg2 d5 5.Qa4 Bg7 6.cxd5 O-O 7.dxc6 Nxc6 8.Nf3 
Nd5 9.O-O Nb6 10.Qa3 Be6 11.e3 a5 12.Bd2 Bd5 13.b3 a4 14.Qb2 axb3 15.axb3 
Rxa1 16.Qxa1 Bxb3 17.Bc3 Bc4 18.Rc1 Nd5 19.Be1 Bd3 20.Qa3 Bf5 21.Nbd2 Nf6 
22.Nb3 Qb6 23.Nc5 Re8 24.Nd2 Bc8 25.Nc4 Qc7 26.Qb2 Nd7 27.Nxd7 Bxd7 28.Nb6
Bf5 29.Qb5 Qd8 30.Na4 Bd7 31.Qb3 e5 32.d5 Na5 33.Qa2 Bb5 34.Rc5 Bxa4 35.
Qxa4 b6 36.Bxa5 bxa5 37.d6 Qb8 38.Rc7 Rd8 39.Qa2 Rf8 40.Bd5 Qb6 41.Bxf7+ 
Kh8 42.Qd5 Rd8 43.Be6 h5 44.Qe4 1-0

[Event "20th EUR-ch"]
[Site "Skopje MKD"]
[Date "2019.03.24"]
[Round "6"]
[White "Piorun, Kacper"]
[Black "Berkes, Ferenc"]
[Result "1-0"]
[WhiteElo "2631"]
[BlackElo "2666"]
[EventDate "2019.03.18"]
[Board "2"]
[PlyCount "123"]

1.e4 Nf6 2.e5 Nd5 3.d4 d6 4.Nf3 dxe5 5.c4 Nf6 6.Nxe5 Nbd7 7.Nf3 e6 8.Nc3 
b6 9.Be2 Bb7 10.O-O Be7 11.Bf4 O-O 12.Qd3 Nh5 13.Bc1 Nhf6 14.Bf4 Nh5 15.
Be3 Nhf6 16.Rad1 c5 17.Ne5 Rc8 18.f4 a6 19.dxc5 Bxc5 20.Bxc5 Nxc5 21.Qe3 
Qc7 22.Rd4 Rfd8 23.Rfd1 h6 24.b4 Rxd4 25.Qxd4 Nce4 26.Na4 b5 27.Nb6 Nc3 
28.Qxc3 Qxb6+ 29.c5 Qc7 30.Qd4 Bd5 31.a3 Ra8 32.Bd3 Qb7 33.Rd2 Kf8 34.f5 
Qc7 35.fxe6 Bxe6 36.Be2 Re8 37.Bf3 Bf5 38.Re2 Be4 39.Nd7+ Nxd7 40.Rxe4 Ne5
41.Bh5 Re6 42.Qd5 Ke7 43.g3 g6 44.Be2 Kf6 45.Bd1 h5 46.Bb3 Nf3+ 47.Kg2 
Rxe4 48.Qxe4 Ne5 49.Bd5 Qe7 50.Qd4 Qc7 51.Kf2 Ke7 52.h3 f6 53.Be4 h4 54.
gxh4 Nc4 55.Bg2 Qe5 56.Qxe5+ fxe5 57.Be4 a5 58.bxa5 Nxa5 59.Bxg6 Nc4 60.c6
Nxa3 61.c7 Kd7 62.h5 1-0

[Event "20th EUR-ch"]
[Site "Skopje MKD"]
[Date "2019.03.24"]
[Round "6"]
[White "Grandelius, Nils"]
[Black "Erdos, Viktor"]
[Result "1-0"]
[WhiteElo "2694"]
[BlackElo "2612"]
[EventDate "2019.03.18"]
[Board "7"]
[PlyCount "61"]

1.e4 e5 2.Nf3 Nc6 3.Bc4 Bc5 4.c3 d6 5.d3 Nf6 6.O-O Bb6 7.a4 a6 8.Re1 Ne7 
9.Nbd2 O-O 10.Nf1 c6 11.Ng3 Ng6 12.Bb3 h6 13.h3 d5 14.exd5 Nxd5 15.d4 exd4
16.Nxd4 Be6 17.Bc2 Bxd4 18.Qxd4 Ndf4 19.Re4 Qxd4 20.cxd4 Nxg2 21.Kxg2 Bd5 
22.f3 f5 23.Rf4 Rad8 24.Kf2 Be6 25.Rxf5 Bxf5 26.Nxf5 Rf6 27.Be3 Rd5 28.Rg1
Kf7 29.Ng3 Nh4 30.Be4 Rd8 31.Nh5 1-0

[Event "20th EUR-ch"]
[Site "Skopje MKD"]
[Date "2019.03.24"]
[Round "6"]
[White "Cheparinov, Ivan"]
[Black "Predke, Alexander"]
[Result "0-1"]
[WhiteElo "2683"]
[BlackElo "2611"]
[EventDate "2019.03.18"]
[Board "8"]
[PlyCount "92"]

1.e4 e5 2.Nf3 Nc6 3.d4 exd4 4.Nxd4 Nf6 5.Nxc6 bxc6 6.e5 Qe7 7.Qe2 Nd5 8.h4
a5 9.g3 f6 10.c4 Ba6 11.Nd2 fxe5 12.b3 O-O-O 13.Ne4 Nf6 14.Bh3 h6 15.O-O 
g5 16.Ba3 Qf7 17.Bxf8 Qxf8 18.b4 Nxe4 19.Qxe4 Qf6 20.bxa5 gxh4 21.Rab1 
hxg3 22.fxg3 Qd6 23.Rf3 Qc5+ 24.Kh2 Bxc4 25.Rc3 Bd5 26.Rxc5 Bxe4 27.Rb4 
Bd3 28.a6 Bxa6 29.Ra5 Bb5 30.a4 Kb7 31.axb5 c5 32.Rba4 d5 33.Ra6 c4 34.Rc6
e4 35.Ra1 Rhf8 36.Rd1 Rf2+ 37.Kg1 Rf3 38.Rg6 c3 39.Bg2 Rd3 40.Rc1 Rd6 41.
Rxd6 cxd6 42.Rc2 Kb6 43.Kf2 Kxb5 44.Bf1 Kb4 45.Rc1 Rf3+ 46.Ke1 Ka3 0-1

[Event "20th EUR-ch"]
[Site "Skopje MKD"]
[Date "2019.03.24"]
[Round "6"]
[White "Kovalenko, Igor"]
[Black "Esipenko, Andrei"]
[Result "0-1"]
[WhiteElo "2658"]
[BlackElo "2603"]
[EventDate "2019.03.18"]
[Board "9"]
[PlyCount "176"]

1.e4 e5 2.Nf3 Nc6 3.Bc4 Bc5 4.c3 Nf6 5.d4 exd4 6.e5 d5 7.Bb5 Ne4 8.cxd4 
Bb6 9.Nc3 O-O 10.Be3 Bg4 11.h3 Bh5 12.Qc2 Ba5 13.Be2 f6 14.exf6 Nxf6 15.
O-O Qd6 16.Na4 Bb6 17.Rad1 Rae8 18.Nc3 Kh8 19.Qf5 Ne7 20.Qd3 Ng6 21.Ng5 c6
22.g4 Nf4 23.Bxf4 Qxf4 24.Qd2 Qxd2 25.Rxd2 Bg6 26.f4 h6 27.f5 Bxf5 28.Rxf5
g6 29.Rxf6 Rxf6 30.Nf3 Rxe2 31.Nxe2 Rxf3 32.Kg2 Re3 33.Ng1 Kg7 34.Nf3 Re4 
35.a4 Ba5 36.Rf2 Be1 37.Rc2 Bb4 38.Kf2 Kf6 39.Rc1 Ba5 40.Rf1 h5 41.Kg2 Rf4
42.gxh5 gxh5 43.Kf2 Re4 44.Kg2 Re2+ 45.Rf2 Rxf2+ 46.Kxf2 Kf5 47.Ke3 Bd8 
48.Ne1 Bg5+ 49.Kf3 Bf6 50.Nc2 a5 51.b3 Be7 52.Ne3+ Ke6 53.Nc2 Bf6 54.Kf4 
b6 55.Ke3 c5 56.dxc5 bxc5 57.Na3 Ke5 58.Nb5 Bg5+ 59.Ke2 c4 60.bxc4 dxc4 
61.Kd1 Kf4 62.Nd4 Ke4 63.Ne6 Bf6 64.Ke2 Be7 65.Kd2 Bb4+ 66.Kc2 Ke5 67.Nd8 
Kd5 68.Nb7 h4 69.Nd8 Kd6 70.Nf7+ Ke6 71.Nd8+ Kd5 72.Kd1 Ke4 73.Kc2 Kf3 74.
Nc6 Be1 75.Kd1 Bc3 76.Kc2 Be1 77.Kd1 Bc3 78.Kc2 Kg3 79.Kxc3 Kxh3 80.Nd4 
Kg4 81.Kxc4 h3 82.Nc6 h2 83.Nxa5 h1=Q 84.Kb5 Qd5+ 85.Kb6 Qa8 86.Kb5 Kf5 
87.Nc4 Qd5+ 88.Kb4 Qb7+ 0-1

[Event "20th EUR-ch"]
[Site "Skopje MKD"]
[Date "2019.03.24"]
[Round "6"]
[White "Sychev, Klementy"]
[Black "Anton Guijarro, David"]
[Result "1/2-1/2"]
[WhiteElo "2545"]
[BlackElo "2643"]
[EventDate "2019.03.18"]
[Board "11"]
[PlyCount "58"]

1.e4 e5 2.Nf3 Nc6 3.Bc4 Bc5 4.O-O Nf6 5.d3 d6 6.c3 a5 7.Re1 O-O 8.h3 Be6 
9.Bb5 Ne7 10.d4 Bb6 11.Bd3 Ng6 12.Be3 h6 13.Nbd2 c6 14.a4 Re8 15.Qc2 Qc7 
16.Rad1 Rad8 17.b3 Kh8 18.Nc4 exd4 19.cxd4 d5 20.Nxb6 dxe4 21.Bxe4 Nxe4 
22.d5 Bf5 23.dxc6 Ne7 24.Rxd8 Rxd8 25.Qb2 Nxc6 26.Bxh6 f6 27.Be3 Rd3 28.
Nc4 Qd7 29.Nh4 Bh7 1/2-1/2

[Event "20th EUR-ch"]
[Site "Skopje MKD"]
[Date "2019.03.24"]
[Round "6"]
[White "Zviagintsev, Vadim"]
[Black "Azarov, Sergei"]
[Result "1-0"]
[WhiteElo "2642"]
[BlackElo "2585"]
[EventDate "2019.03.18"]
[Board "12"]
[PlyCount "85"]

1.Nf3 Nf6 2.g3 d5 3.Bg2 e6 4.O-O c5 5.d3 Nc6 6.Bf4 Bd6 7.Bxd6 Qxd6 8.Nbd2 
e5 9.e4 d4 10.c3 Be6 11.Ng5 O-O 12.Nxe6 Qxe6 13.c4 Ne8 14.f4 Nd6 15.a3 a5 
16.Qh5 a4 17.f5 Qh6 18.Qxh6 gxh6 19.f6 Rfd8 20.Bh3 Ne8 21.Rf5 Rd6 22.Raf1 
Ra6 23.R1f2 Rb6 24.Nf3 Rxf6 25.Nxe5 Rxf5 26.Rxf5 Nd6 27.Rh5 Ne7 28.Nd7 
Rxb2 29.e5 Nxc4 30.dxc4 b5 31.cxb5 c4 32.e6 f5 33.Ne5 c3 34.Bxf5 Rxb5 35.
Bd3 Rb2 36.Nf3 c2 37.Bxc2 Rxc2 38.Nxd4 Ra2 39.Nf5 Ng6 40.e7 Re2 41.Rxh6 
Re5 42.Rh5 Kh8 43.Nh4 1-0

[Event "20th EUR-ch"]
[Site "Skopje MKD"]
[Date "2019.03.24"]
[Round "6"]
[White "Christiansen, Johan-Sebastian"]
[Black "Lysyi, Igor"]
[Result "1/2-1/2"]
[WhiteElo "2539"]
[BlackElo "2635"]
[EventDate "2019.03.18"]
[Board "13"]
[PlyCount "59"]

1.e4 e5 2.Nf3 Nc6 3.Bb5 Nf6 4.O-O Nxe4 5.Re1 Nd6 6.a4 Be7 7.Nc3 e4 8.Nxe4 
Nxe4 9.Rxe4 O-O 10.d4 d5 11.Re3 Bd6 12.Bxc6 bxc6 13.Ne5 c5 14.c3 f6 15.Nc6
Qd7 16.dxc5 Bxc5 17.Nd4 Bb7 18.b4 Bd6 19.Qd3 Rfe8 20.Bd2 Rxe3 21.Bxe3 a6 
22.a5 Re8 23.Rb1 Bf8 24.Bf4 c5 25.bxc5 Bxc5 26.h3 Bc8 27.Nb3 Ba7 28.Nd4 
Bc5 29.Nb3 Ba7 30.Nd4 1/2-1/2

[Event "20th EUR-ch"]
[Site "Skopje MKD"]
[Date "2019.03.24"]
[Round "6"]
[White "Ivic, Velimir"]
[Black "Gledura, Benjamin"]
[Result "0-1"]
[WhiteElo "2487"]
[BlackElo "2630"]
[EventDate "2019.03.18"]
[Board "14"]
[PlyCount "80"]

1.e4 c5 2.Nf3 Nc6 3.d4 cxd4 4.Nxd4 Nf6 5.Nc3 e5 6.Ndb5 d6 7.Bg5 a6 8.Na3 
b5 9.Nd5 Be7 10.Bxf6 Bxf6 11.c4 b4 12.Nc2 O-O 13.g3 Bg5 14.Bg2 a5 15.O-O 
Ne7 16.Nxe7+ Bxe7 17.Qd3 Be6 18.Ne3 Qb6 19.Nf5 Ra7 20.Rad1 Rd8 21.Nxe7+ 
Rxe7 22.b3 a4 23.Qe2 Ra7 24.Rd3 axb3 25.axb3 Rda8 26.Qd2 Ra6 27.Rd1 h6 28.
Bf3 Ra2 29.Qe1 R8a6 30.R1d2 Bh3 31.Rxa2 Rxa2 32.Rd2 Ra3 33.Rd3 Kf8 34.g4 
h5 35.gxh5 Ra2 36.Be2 Qa7 37.Rxd6 Qe7 38.Rd3 Rxe2 39.Qd1 Qf6 40.Rf3 Re1+ 
0-1

[Event "20th EUR-ch"]
[Site "Skopje MKD"]
[Date "2019.03.24"]
[Round "6"]
[White "Korobov, Anton"]
[Black "Yuffa, Daniil"]
[Result "1-0"]
[WhiteElo "2686"]
[BlackElo "2582"]
[EventDate "2019.03.18"]
[Board "17"]
[PlyCount "89"]

1.d4 d5 2.c4 c6 3.cxd5 cxd5 4.Bf4 Nc6 5.e3 Nf6 6.Bd3 Bg4 7.Ne2 e6 8.Qb3 
Qd7 9.Nbc3 Be7 10.O-O O-O 11.Ng3 Nh5 12.Nxh5 Bxh5 13.Bb5 Rfc8 14.Na4 b6 
15.Rfc1 Qb7 16.Bf1 Bg6 17.Nc5 Bxc5 18.Rxc5 Qd7 19.Rcc1 Qb7 20.h4 h6 21.Be2
a6 22.h5 Bf5 23.Qa3 a5 24.Bd6 Na7 25.Qa4 Rxc1+ 26.Rxc1 Rc8 27.Rc3 Bb1 28.
f3 Rc6 29.Rxc6 Qxc6 30.Qxc6 Nxc6 31.Bb5 Nb4 32.Bc7 Nd3 33.b3 Nc1 34.a4 
Nxb3 35.Bxb6 g6 36.g4 Kg7 37.Kf2 Bc2 38.Ke2 Kf6 39.Bd8+ Kg7 40.Bc7 Kg8 41.
Bd6 gxh5 42.gxh5 Kg7 43.Ba3 f6 44.Bb2 e5 45.Bd3 1-0

[Event "20th EUR-ch"]
[Site "Skopje MKD"]
[Date "2019.03.24"]
[Round "6"]
[White "Wagner, Dennis"]
[Black "Nisipeanu, Liviu-Dieter"]
[Result "1/2-1/2"]
[WhiteElo "2580"]
[BlackElo "2670"]
[EventDate "2019.03.18"]
[Board "18"]
[PlyCount "34"]

1.d4 Nf6 2.c4 e6 3.Nf3 Nc6 4.Nc3 Bb4 5.Qc2 d6 6.Bd2 Qe7 7.e3 a5 8.a3 Bxc3 
9.Bxc3 e5 10.d5 Nb8 11.Nd2 O-O 12.b3 c6 13.dxc6 Nxc6 14.Bd3 Be6 15.O-O d5 
16.cxd5 Bxd5 17.Rfd1 Rac8 1/2-1/2

[Event "20th EUR-ch"]
[Site "Skopje MKD"]
[Date "2019.03.24"]
[Round "6"]
[White "Ponomariov, Ruslan"]
[Black "Maze, Sebastien"]
[Result "1/2-1/2"]
[WhiteElo "2667"]
[BlackElo "2578"]
[EventDate "2019.03.18"]
[Board "19"]
[PlyCount "47"]

1.e4 c5 2.Nf3 Nc6 3.d4 cxd4 4.Nxd4 Nf6 5.Nc3 e5 6.Ndb5 d6 7.Bg5 a6 8.Na3 
b5 9.Nd5 Be7 10.Bxf6 Bxf6 11.c4 bxc4 12.Bxc4 O-O 13.O-O Rb8 14.Qd3 a5 15.
Nb5 Be6 16.Rfd1 Nd4 17.Nxd4 exd4 18.Nxf6+ Qxf6 19.b3 Bxc4 20.bxc4 Rb2 21.
Qxd4 Rc8 22.f3 Qxd4+ 23.Rxd4 g6 24.a3 1/2-1/2

[Event "20th EUR-ch"]
[Site "Skopje MKD"]
[Date "2019.03.24"]
[Round "6"]
[White "Rozum, Ivan"]
[Black "Dreev, Alexei"]
[Result "1/2-1/2"]
[WhiteElo "2573"]
[BlackElo "2662"]
[EventDate "2019.03.18"]
[Board "20"]
[PlyCount "61"]

1.e4 c5 2.Nf3 e6 3.c4 Nc6 4.Nc3 e5 5.d3 d6 6.h4 Bg4 7.Be2 Nf6 8.Nd5 Nxd5 
9.cxd5 Bxf3 10.Bxf3 Nd4 11.g3 Be7 12.Bg2 h5 13.Be3 Qa5+ 14.Bd2 Qa6 15.Bc3 
O-O-O 16.Bxd4 exd4 17.Qb3 Kb8 18.f4 Qa5+ 19.Ke2 Rde8 20.Rhe1 Bd8 21.Kf1 f6
22.Bh3 g5 23.Ke2 g4 24.Bg2 Rh7 25.Kf1 Rhe7 26.Re2 a6 27.a4 Ka7 28.Qa3 Bb6 
29.Rc1 Bd8 30.Rb1 Bb6 31.Rc2 1/2-1/2

[Event "20th EUR-ch"]
[Site "Skopje MKD"]
[Date "2019.03.24"]
[Round "6"]
[White "Melkumian, Hrant"]
[Black "Djukic, Nikola"]
[Result "1/2-1/2"]
[WhiteElo "2661"]
[BlackElo "2572"]
[EventDate "2019.03.18"]
[Board "21"]
[PlyCount "100"]

1.d4 Nf6 2.c4 g6 3.Nc3 d5 4.cxd5 Nxd5 5.e4 Nxc3 6.bxc3 Bg7 7.Bc4 c5 8.Ne2 
Nc6 9.Be3 O-O 10.O-O Bg4 11.f3 Bd7 12.Rb1 Qc7 13.Qd2 Rad8 14.Rfc1 Bc8 15.
Bd5 e6 16.Bxc6 Qxc6 17.Bh6 Bxh6 18.Qxh6 b6 19.Qe3 Ba6 20.Nf4 Bc4 21.e5 Rd7
22.Rb2 Rfd8 23.Rd2 Qa4 24.Rcd1 Qa3 25.Nh3 cxd4 26.Qh6 Qc5 27.Nf2 d3 28.Re1
Rd5 29.f4 Qf8 30.Qh4 f5 31.exf6 Rh5 32.f7+ Kxf7 33.Qg3 Kg7 34.f5 Qd6 35.
Qxd6 Rxd6 36.g4 Rh4 37.fxe6 Bxe6 38.Kg2 h5 39.Kg3 g5 40.Re5 Kh6 41.Rxg5 
Rxg4+ 42.Rxg4 hxg4 43.Nxg4+ Kg7 44.Kf4 Rc6 45.Rxd3 Rc4+ 46.Rd4 Rxc3 47.a4 
Rc4 48.Rxc4 Bxc4 49.Ke5 Bb3 50.a5 bxa5 1/2-1/2

[Event "20th EUR-ch"]
[Site "Skopje MKD"]
[Date "2019.03.24"]
[Round "6"]
[White "Meskovs, Nikita"]
[Black "Alexeev, Evgeny"]
[Result "1/2-1/2"]
[WhiteElo "2568"]
[BlackElo "2640"]
[EventDate "2019.03.18"]
[Board "23"]
[PlyCount "59"]

1.d4 Nf6 2.c4 e6 3.Nf3 d5 4.Bg5 Bb4+ 5.Nbd2 dxc4 6.a3 Bxd2+ 7.Qxd2 a6 8.a4
Qd5 9.Bxf6 gxf6 10.g3 Nc6 11.Bg2 Qa5 12.e3 O-O 13.O-O e5 14.Qc2 exd4 15.
Nxd4 Nxd4 16.exd4 Qb4 17.a5 Bd7 18.Rfc1 Rfe8 19.Bd5 Be6 20.Qxc4 Qxc4 21.
Bxc4 c6 22.Bxe6 fxe6 23.Ra4 Rad8 24.Rb4 Re7 25.Rc5 Rd6 26.Rc3 Rd5 27.Rc5 
Rd6 28.Rc3 Rd5 29.Rc5 Rd6 30.Rc3 1/2-1/2

[Event "20th EUR-ch"]
[Site "Skopje MKD"]
[Date "2019.03.24"]
[Round "6"]
[White "Yilmaz, Mustafa"]
[Black "Martinovic, Sasa"]
[Result "1/2-1/2"]
[WhiteElo "2636"]
[BlackElo "2558"]
[EventDate "2019.03.18"]
[Board "24"]
[PlyCount "33"]

1.d4 d5 2.c4 c6 3.Nf3 Nf6 4.e3 e6 5.Nc3 Nbd7 6.Qc2 Be7 7.b3 O-O 8.Bd3 b6 
9.O-O Bb7 10.Bb2 h6 11.Rad1 Qc7 12.Rfe1 Rad8 13.Bf1 Rfe8 14.g3 Qb8 15.Bg2 
Qa8 16.Ne5 dxc4 17.Nxc4 1/2-1/2

[Event "20th EUR-ch"]
[Site "Skopje MKD"]
[Date "2019.03.24"]
[Round "6"]
[White "Lomasov, Semyon"]
[Black "Hovhannisian, Robert"]
[Result "1/2-1/2"]
[WhiteElo "2559"]
[BlackElo "2634"]
[EventDate "2019.03.18"]
[Board "25"]
[PlyCount "64"]

1.Nf3 d5 2.c4 e6 3.e3 Nf6 4.b3 c5 5.cxd5 exd5 6.Bb2 Nc6 7.Bb5 Bd6 8.O-O 
O-O 9.d4 cxd4 10.Nxd4 Bc7 11.Ba3 Nxd4 12.exd4 Bd6 13.Bd3 Bg4 14.f3 Bh5 15.
Bxd6 Qxd6 16.Nc3 Rac8 17.Ne2 Bg6 18.Bxg6 hxg6 19.Qd2 Rc7 20.Rac1 Re7 21.
Rfe1 Rfe8 22.Ng3 Rxe1+ 23.Rxe1 b6 24.Kf2 Rxe1 25.Qxe1 Qf4 26.Qc3 Kh7 27.
Kg1 g5 28.Ne2 Qf5 29.h3 Nh5 30.a4 Nf4 31.Nxf4 gxf4 32.a5 bxa5 1/2-1/2

[Event "20th EUR-ch"]
[Site "Skopje MKD"]
[Date "2019.03.24"]
[Round "6"]
[White "Fridman, Daniel"]
[Black "Kulaots, Kaido"]
[Result "1/2-1/2"]
[WhiteElo "2633"]
[BlackElo "2544"]
[EventDate "2019.03.18"]
[Board "26"]
[PlyCount "107"]

1.d4 Nf6 2.Nf3 g6 3.g3 Bg7 4.Bg2 O-O 5.O-O d5 6.c4 c6 7.Qb3 Qb6 8.Nc3 Rd8 
9.Bd2 dxc4 10.Qxc4 Be6 11.Qa4 Bf5 12.Rfe1 Ne4 13.Nxe4 Bxe4 14.Ba5 Qa6 15.
Qa3 Re8 16.Bf1 c5 17.Ng5 Nc6 18.Nxe4 Qxa5 19.Qxa5 Nxa5 20.dxc5 Bxb2 21.
Rab1 Be5 22.f4 Bg7 23.Rb5 b6 24.e3 Rec8 25.Reb1 h6 26.g4 Kh7 27.h4 Rc7 28.
Rd1 Nb7 29.Bg2 Rd8 30.Rxd8 Nxd8 31.cxb6 axb6 32.Rxb6 Ra7 33.Nc5 Rxa2 34.h5
Rd2 35.hxg6+ fxg6 36.Be4 Rd6 37.Rb8 Bf6 38.Kg2 Nf7 39.Kf3 Kg7 40.Ke2 Bc3 
41.Rb7 Bf6 42.Rc7 Nd8 43.Kf3 g5 44.f5 Nf7 45.Ne6+ Kg8 46.Rc8+ Kh7 47.Kg3 
Ne5 48.Bc2 Rc6 49.Rxc6 Nxc6 50.Ba4 Ne5 51.Be8 Kg8 52.Bh5 Nd7 53.Kf3 Bb2 
54.Be8 1/2-1/2

[Event "20th EUR-ch"]
[Site "Skopje MKD"]
[Date "2019.03.24"]
[Round "6"]
[White "Arutinian, David"]
[Black "Movsesian, Sergei"]
[Result "1/2-1/2"]
[WhiteElo "2555"]
[BlackElo "2627"]
[EventDate "2019.03.18"]
[Board "27"]
[PlyCount "25"]

1.Nf3 Nf6 2.c4 e6 3.e3 d5 4.b3 c5 5.Bb2 a6 6.Nc3 Nc6 7.cxd5 exd5 8.d4 Bg4 
9.Be2 Bxf3 10.Bxf3 cxd4 11.exd4 Bb4 12.O-O O-O 13.Qd3 1/2-1/2

[Event "20th EUR-ch"]
[Site "Skopje MKD"]
[Date "2019.03.24"]
[Round "6"]
[White "Sarana, Alexei"]
[Black "Grigoriants, Sergey"]
[Result "1/2-1/2"]
[WhiteElo "2625"]
[BlackElo "2543"]
[EventDate "2019.03.18"]
[Board "28"]
[PlyCount "93"]

1.d4 Nf6 2.c4 e6 3.Nf3 Bb4+ 4.Bd2 c5 5.Bxb4 cxb4 6.e3 b6 7.Bd3 Bb7 8.O-O 
O-O 9.Nbd2 h6 10.Qa4 a5 11.a3 Na6 12.Rac1 d6 13.Bb1 Rc8 14.Rfd1 Qe7 15.Ne1
Bc6 16.Qb3 Qb7 17.Qd3 b5 18.axb4 Nxb4 19.Qa3 Ra8 20.Nb3 bxc4 21.Rxc4 Bd5 
22.Rc3 Rfb8 23.Nd2 Ne4 24.Bxe4 Bxe4 25.Rdc1 Bg6 26.Nc4 Qa6 27.Qa4 Nd5 28.
Ra3 Rc8 29.Raa1 Nb6 30.Nxb6 Qxb6 31.Qa3 Rxc1 32.Rxc1 Rb8 33.b3 Qb4 34.Ra1 
Qc3 35.Qxa5 Qxa5 36.Rxa5 Rxb3 37.Ra1 Rb1 38.Rxb1 Bxb1 39.f3 d5 40.Kf2 Kf8 
41.Ke2 Ke7 42.Kd2 Kd6 43.g3 g5 44.Kc3 Kc6 45.Kb4 Kb6 46.h4 Bg6 47.Ka4 
1/2-1/2

[Event "20th EUR-ch"]
[Site "Skopje MKD"]
[Date "2019.03.24"]
[Round "6"]
[White "Blubaum, Matthias"]
[Black "Stupak, Kirill"]
[Result "1/2-1/2"]
[WhiteElo "2616"]
[BlackElo "2537"]
[EventDate "2019.03.18"]
[Board "29"]
[PlyCount "95"]

1.d4 Nf6 2.c4 e6 3.g3 Bb4+ 4.Bd2 a5 5.Bg2 O-O 6.Nf3 b6 7.O-O Bb7 8.Bf4 Be7
9.Nc3 Ne4 10.Qc2 Nxc3 11.bxc3 d6 12.Ng5 Bxg5 13.Bxb7 Ra7 14.Bxg5 Qxg5 15.
Bg2 Qe7 16.Rab1 Rc8 17.Rfd1 Nd7 18.Qa4 g6 19.Rb2 Kg7 20.h4 h5 21.Qb5 Kg8 
22.Qc6 Nb8 23.Qf3 Nd7 24.Qc6 Nb8 25.Qa4 Nd7 26.Rbd2 Kg7 27.Bf3 Kg8 28.Qc6 
Nb8 29.Qb5 Nd7 30.Qa4 Kg7 31.Rb1 Qd8 32.Qc6 Nb8 33.Qb5 Nd7 34.Bc6 Nb8 35.
Bg2 Qe7 36.Qa4 Nd7 37.Qb5 Kg8 38.Bc6 Nb8 39.Bf3 Nd7 40.Qa4 Kg7 41.Qb5 Qd8 
42.Kg2 Qe7 43.Bc6 Nb8 44.a4 Rd8 45.Bf3 Nd7 46.Bc6 Nb8 47.Bf3 Nd7 48.Bc6 
1/2-1/2

[Event "20th EUR-ch"]
[Site "Skopje MKD"]
[Date "2019.03.24"]
[Round "6"]
[White "Bosiocic, Marin"]
[Black "Shevchenko, Kirill"]
[Result "1-0"]
[WhiteElo "2614"]
[BlackElo "2535"]
[EventDate "2019.03.18"]
[Board "30"]
[PlyCount "59"]

1.e4 c5 2.Nf3 d6 3.d4 cxd4 4.Qxd4 Nc6 5.Qe3 Nf6 6.Be2 g6 7.O-O Bg7 8.h3 d5
9.exd5 Nxd5 10.Qb3 Nb6 11.Rd1 Qc7 12.Na3 O-O 13.Nb5 Qb8 14.c4 Be6 15.Nbd4 
Bd7 16.Be3 Nxd4 17.Rxd4 Bxd4 18.Bxd4 Bc6 19.Re1 Qf4 20.Be3 Qc7 21.Bh6 Rfe8
22.c5 Nd5 23.Bc4 Rad8 24.Qa3 b5 25.cxb6 Nxb6 26.Bxf7+ Kxf7 27.Ng5+ Kg8 28.
Ne6 Nd5 29.Nxc7 Nxc7 30.Qc3 1-0

[Event "20th EUR-ch"]
[Site "Skopje MKD"]
[Date "2019.03.24"]
[Round "6"]
[White "Oparin, Grigory"]
[Black "Van Foreest, Lucas"]
[Result "1/2-1/2"]
[WhiteElo "2613"]
[BlackElo "2515"]
[EventDate "2019.03.18"]
[Board "31"]
[PlyCount "47"]

1.d4 Nf6 2.c4 e6 3.g3 d5 4.Bg2 Be7 5.Nf3 O-O 6.Nc3 Nbd7 7.Qd3 b6 8.cxd5 
exd5 9.O-O Bb7 10.Bf4 Nh5 11.Bd2 Nhf6 12.Rac1 Re8 13.Rfd1 c5 14.Bf4 Ne4 
15.Ne5 cxd4 16.Nxe4 Nxe5 17.Qxd4 Ng6 18.Nc3 Bf6 19.Qd2 Nxf4 20.gxf4 Bxc3 
21.Rxc3 d4 22.Qxd4 Qxd4 23.Rxd4 Bxg2 24.Kxg2 1/2-1/2

[Event "20th EUR-ch"]
[Site "Skopje MKD"]
[Date "2019.03.24"]
[Round "6"]
[White "Baron, Tal"]
[Black "Lupulescu, Constantin"]
[Result "0-1"]
[WhiteElo "2506"]
[BlackElo "2611"]
[EventDate "2019.03.18"]
[Board "32"]
[PlyCount "60"]

1.e4 c5 2.Nf3 Nc6 3.d4 cxd4 4.Nxd4 Nf6 5.Nc3 d6 6.Bg5 e6 7.Qd2 a6 8.O-O-O 
Bd7 9.f4 b5 10.Bxf6 gxf6 11.Kb1 Qb6 12.Nxc6 Bxc6 13.f5 h5 14.Bd3 b4 15.Ne2
e5 16.Ng3 h4 17.Nf1 Bh6 18.Qe2 Ke7 19.Nd2 a5 20.Bc4 a4 21.Nf3 b3 22.cxb3 
axb3 23.Bxb3 Ba4 24.Rd3 Bb5 25.Qc2 Bxd3 26.Qxd3 Ra5 27.Nxh4 Rc5 28.Nf3 
Rhc8 29.Nd2 Qb4 30.Rd1 Qxd2 0-1